000 00605nam a2200217 a 4500
001 BRCA_6671
005 20190320205541.0
008 121011s1910----mx-a######---#000-0#spa-#
041 _aspa
044 _amx
050 4 _aQB44
_b.L45 1910
100 1 _aLeón, Luis G
_916696
245 1 0 _aAstronomía popular
_bescrita para los aficionados al estudio del cielo
_cLuis G. León.
250 _a2
260 _aMéxico
_bLib. de la Vda. de Ch. Bouret
_c1910
300 _a149 p.
_bil.
_c20 cm.
500 _aL189
650 1 4 _aAstronomía
_vObras de divulgación
_916697
902 _aGFM
942 _2lcc
_cB
999 _c6355
_d6355